| 000 | 00727cab a22001935a 4500 | ||
|---|---|---|---|
| 001 | L155252 | ||
| 008 | 120313e2012 xxk 000 0 eng d | ||
| 035 | _a(Sirsi) u155252 | ||
| 041 | 0 | _aeng | |
| 110 | 2 |
_aHogan Lovells _95932 |
|
| 245 | 0 | 0 |
_aSurvey _btax and legal |
| 260 | _c2012 | ||
| 490 | 0 |
_aEuroProperty _v5 March 2012, 25-29(5) |
|
| 520 | _aCovers progress on EU directives: Alternative Investment Fund Managers Directive; Solvency II, CRD IV; General Data Protection Directive. Surveys legislative change across Europe relating to property, focusing on the UK, Hungary, Spain, Germany, Russia, France, Italy and Poland. | ||
| 590 | _aKA | ||
| 651 | 4 | _aEurope | |
| 690 |
_aCommercial property _96227 |
||
| 942 | _n0 | ||
| 999 |
_c83840 _d83840 |
||